| 000 | 00419nam a2200205Ia 4500 | ||
|---|---|---|---|
| 001 | 004654 | ||
| 003 | YMCAF | ||
| 005 | 20230512160306.0 | ||
| 008 | 100717s1965 ||||||||||||||||| ||und|d | ||
| 024 | _a4654 | ||
| 035 | _a4633 | ||
| 040 |
_aYMCAF _beng _cIN-KoLT |
||
| 041 | _aeng | ||
| 082 | _a6I.S-I.S | ||
| 100 | _aI.S.A. | ||
| 245 | 0 | _aI.S. 816-1956 | |
| 260 |
_bI.S.A. _c1965 |
||
| 300 | _a0 | ||
| 942 |
_2ddc _cBK |
||
| 999 |
_c3606 _d3606 |
||